000 00254nam a2200097Ia 4500
008 230915s9999 xx 000 0 und d
050 _aS 535.F68 2005 V.2
100 _awaithaka,patrick.n
245 0 _afoundation agriculture students' book2
942 _cBK
999 _c201521
_d201521